Na roliach sa nezarába

Rozhovor s vedúcim oddelenia agrobiznisu v UniCredit Bank Slovakia, Jaromírom Matouškom o efektívnom spravovaní pôdy jej vlastníkom, o cenách pôdy na trhu, aký vplyv na cenu pôdy na Slovensku majú ceny v okolitých krajinách, o výhľade cien do budúcnosti, o pôde, lúkach a lesoch ako o dlhodobej inves...

Celý popis

Uložené v:
Podrobná bibliografia
Hlavný autor: Kantorík, Juraj
Ďalší autori: Matoušek, Jaromír
Médium: Kapitola
Jazyk:Slovak
Predmet:
Tagy: Pridať tag
Žiadne tagy, Buďte prvý, kto otaguje tento záznam!

MARC

LEADER 00000naa a2200000 4500
001 0125034
005 20230918131107.4
041 0 |a slo 
044 |a SK 
245 1 0 |a Na roliach sa nezarába  |c Juraj Kantorík, Jaromír Matoušek 
520 |a Rozhovor s vedúcim oddelenia agrobiznisu v UniCredit Bank Slovakia, Jaromírom Matouškom o efektívnom spravovaní pôdy jej vlastníkom, o cenách pôdy na trhu, aký vplyv na cenu pôdy na Slovensku majú ceny v okolitých krajinách, o výhľade cien do budúcnosti, o pôde, lúkach a lesoch ako o dlhodobej investícii. 
610 2 0 |a pôda 
610 2 0 |a pôda poľnohospodárska 
610 2 0 |a lesy 
610 2 0 |a lúky 
610 2 0 |a investície 
610 2 0 |a ceny 
610 2 0 |a Slovensko 
100 1 |a Kantorík, Juraj 
700 1 |a Matoušek, Jaromír